| 000 | 00652nam a2200217 i 4500 | ||
|---|---|---|---|
| 001 | 67531 | ||
| 003 | ES-MaACL | ||
| 005 | 20230906170109.0 | ||
| 007 | t| | ||
| 008 | 040603s2003 sp ||||1| spa d | ||
| 080 | _a929 Siurot, Manuel | ||
| 080 | _a821.134.2-5"19" | ||
| 100 | 0 |
_aSiurot, Manuel. _9106717 |
|
| 245 | 1 | 0 | _aHomenaje a la memoria del ateneĆsta Manuel Siurot. |
| 260 |
_aSevilla : _bAteneo de Sevilla, _c2003. |
||
| 300 |
_a86 p. : _bil. ; _c24 cm. |
||
| 505 | 8 | _aContiene discursos de Manuel Siurot | |
| 600 | 1 | 4 |
_aSiurot, Manuel- _xHomenajes. _9106718 |
| 710 | 2 |
_aAteneo de Sevilla. _92028 |
|
| 852 |
_aES-MaACL _jL-27728 _bR.133464 |
||
| 999 |
_c67531 _d67531 |
||